| 000 | 00451nam a2200157Ia 4500 | ||
|---|---|---|---|
| 003 | OSt | ||
| 005 | 20200728115604.0 | ||
| 008 | 190216s9999||||xx |||||||||||||| ||und|| | ||
| 040 | _coclc | ||
| 082 |
_a510 _bSIN/R |
||
| 100 |
_aSingh, Manjeet _93816 |
||
| 245 | 0 |
_aRefresher Course In Mathematics / _cManjeet Singh |
|
| 260 |
_bDhanpat Rai, _c1995. _aDelhi: |
||
| 650 | _aMathematics | ||
| 942 |
_cBK _2ddc _h510 _iSIN/R _k510 _mSIN/R |
||
| 999 |
_c31174 _d31174 |
||